000 01920nam a2200433 a 4500
001 000018714
003 DO-SdBNP
005 20171107130659.0
007 000018714
008 100514t2010 dr ac 001 0dspa d
020 _z9789945020017
040 _aBPMSU
_bspa
_cBPMSU
092 _a972.9305
_bH565r, 2010
100 1 _aHerrera, Rafael Darío,
_d1955-
245 1 0 _aRevueltas y caudillismo :
_bDesiderio Arias frente Trujillo /
_cRafael Darío Herrera; edición Jacqueline Abad Blanco.
250 _a2a ed. rev. y ampliada
260 _aSanto Domingo :
_bBúho,
_c2010.
300 _a129 p. :
_bil., retrs. ;
_c22 cm.
500 _aIncluye datos biográficos del autor en las solapas.
500 _aIncluye índice onomástico.
504 _aIncluye bibliografía y notas al pie de páginas.
504 _aBibliografía : p. 119-123.
505 0 _gIntroducción --
_tLas revueltas civiles --
_tEl caudillismo liniero --
_tLos primeros años de Desiderio Arias --
_tLa campaña guerrillera de 1912 --
_tLa ruptura de Arias con Jiménes --
_tLa integración de Arias al movimiento cívico --
_tEl hostigamiento de Trujillo al general Arias --
_tBibliografía --
_tÍndice onomástico-
600 1 4 _aARIAS, DESIDERIO,
_d1872-1931
600 1 4 _aTRUJILLO MOLINA, RAFAEL LEÓNIDAS,
_d1891-1961.
650 4 _aCONFLICTOS POLÍTICOS
_zREPÚBLICA DOMINICANA
_xHISTORIA
651 4 _aREPÚBLICA DOMINICANA
_xHISTORIA
_y1844-1930.
651 4 _aREPÚBLICA DOMINICANA
_xHISTORIA
_yERA DE TRUJILLO, 1930-1961
651 4 _aREPÚBLICA DOMINICANA
_xPOLÍTICA Y GOBIERNO
_yERA DE TRUJILLO, 1930-1961
700 1 _aAbad Blanco, Jacqueline,
_eed.
910 _aValidado. Control de calidad EMS.
930 1 _l
_m
_8
_f
_p
_g
942 _2ddc
_cBK
945 _aInventariado / 2017 VM
956 _a
_b
_c
_l
_h
956 _a
_b
_c
_l
_h
956 _a
_b
_c
_l
_h
956 _aVMATEO
_b10
_c20150810
_lBPMSU
_h00151
999 _c8148
_d8148